Central Library OPAC University of Rajshahi

A history of taxation and taxes in England : (Record no. 3197)

MARC details
000 -LEADER
fixed length control field 01273cam a2200253 a 4500
001 - CONTROL NUMBER
control field 3197
003 - CONTROL NUMBER IDENTIFIER
rucl marc code BD-RjUL
005 - DATE AND TIME OF LATEST TRANSACTION
control field 20211208233707.0
008 - FIXED-LENGTH DATA ELEMENTS--GENERAL INFORMATION
fixed length control field 131218s1965 enk 000 0 eng d
035 ## - SYSTEM CONTROL NUMBER
System control number (BD-RjUL)3231
-- OCLC ocm11706108 from D951209M
040 ## - CATALOGING SOURCE
Original cataloging agency SBL
Transcribing agency SBL
Modifying agency EQO
-- BD-RjUL
Language of cataloging eng
041 ## - LANGUAGE CODE
Language code of text/sound track or separate title eng
082 04 - DEWEY DECIMAL CLASSIFICATION NUMBER
Edition number 19
Classification number 336.2
Author mark and year DOH 1965
100 1# - MAIN ENTRY--PERSONAL NAME
Personal name Dowell, Stephen,
Dates associated with a name 1833-1898.
9 (RLIN) 10113
245 12 - TITLE STATEMENT
Title A history of taxation and taxes in England :
Remainder of title from the earliest times to the present day /
Statement of responsibility, etc. Stephen Dowell.
Number of part/section of a work V-1
250 ## - EDITION STATEMENT
Edition statement 3rd ed /
260 ## - PUBLICATION, DISTRIBUTION, ETC. (IMPRINT)
Place of publication, distribution, etc. London :
Name of publisher, distributor, etc. Frank Cass,
Date of publication, distribution, etc. 1965.
300 ## - PHYSICAL DESCRIPTION
Pagination xxxi, 244 p. ;
Size 22 cm.
500 ## - GENERAL NOTE
General note First edition published in 4 vols: Longmans Green, 1884. Third ed contains two additional volumes by A.R. Ilersic
505 0# - FORMATTED CONTENTS NOTE
Formatted contents note v. 1. Taxation from the earliest times to the Civil War / with a new introduction by A.R. Ilersic -- v. 2. Taxation from the Civil War to the present day -- v. 3. Direct taxes and stamp duties -- v. 4 Taxes on articles of consumption -- v. 5. Budgetary and fiscal policy 1885-1965 / by A.R. Ilersic -- v. 6. Development of the tax system 1885-1965 / by A.R. Ilersic
650 #0 - SUBJECT ADDED ENTRY--TOPICAL TERM
Topical term or geographic name as entry element Taxation
Geographic subdivision England
General subdivision History.
9 (RLIN) 10114
700 1# - ADDED ENTRY--PERSONAL NAME
Personal name Ilersic, A. R.
Fuller form of name (Alfred Roman),
Dates associated with a name 1920-
942 ## - ADDED ENTRY ELEMENTS (KOHA)
Source of classification or shelving scheme Dewey Decimal Classification
Koha item type Books
Holdings
Lost status Source of classification or shelving scheme Materials specified (bound volume or other part) Damaged status Not for loan Collection code Permanent Location Current Location Shelving location Date acquired Source of acquisition Cost, normal purchase price Total Checkouts Full call number Date last seen Copy number Koha item type
  Dewey Decimal Classification V-1   Not For Loan Non-fiction Central Library, University of Rajshahi Central Library, University of Rajshahi Reading Room 04/06/1968 Zeittinger 315.00   336.2 DOH 1965 18/12/2013 C-1 Books